| 000 | 01014cam a22002533a 4500 | ||
|---|---|---|---|
| 001 | 9944 | ||
| 003 | PGUSA | ||
| 005 | 20140828083218.0 | ||
| 008 | 060201s2006||||xxu|||||s|||||000 | eng d | ||
| 040 |
_aPGUSA _beng |
||
| 042 | _adc | ||
| 050 | 4 | _aBR | |
| 100 | 1 |
_aKing, Basil, _d1859-1928 |
|
| 245 | 1 | 4 |
_aThe Conquest of Fear _h[electronic resource] / _cBasil King |
| 260 |
_bProject Gutenberg, _c2006 |
||
| 505 | 0 | _aIntroduction -- Fear and the life-principle -- The life-principle and God -- God and His self-expression -- God's self-expression and the mind of to-day -- The mind of to-day and the world as it is -- The world as it is and the false god of fear -- The false god of fear and the fear of death -- The fear of death and abundance of life. | |
| 506 | _aPublic domain in the USA. | ||
| 516 | _aElectronic text | ||
| 653 | _aFear | ||
| 700 | 1 |
_aLink, Henry C. _q(Henry Charles), _d1889-1952 |
|
| 830 | 0 |
_aProject Gutenberg _v9944 |
|
| 856 | 4 | 0 | _uhttp://www.gutenberg.org/ebooks/9944 |
| 942 | _cEB | ||
| 999 |
_c239200 _d239200 |
||